01543nab a22002537a 4500999001500000003000400015005001700019008004100036040000700077100004400084245017800128260007300306300001500379500004400394505045000438505008900888650003500977650002601012650003701038650002901075650002101104773015101125942001301276 c5513d5513OSt20251210150955.0190604e xxu||||| |||| 00| 0 spa d cPJ 96499aDíaz Etulain, Andrés Santiago13aLa obtención del dominio por el transcurso del tiempo. La prescripción adquisitiva larga y una crítica a su rigurosidad probatoria /cAndrés Santiago Díaz Etulain. aCiudad Autónoma de Buenos Aires :bThomson Reuters La Ley, c2025. ap. 173-186 aCita Online: TR LALEY AR/DOC/425/2025.  aSumario: I. Introducción.— II. Definición de derechos reales.— III. Definición del Cód. Civ. y Com.— IV. Clasificación de los derechos reales.— V. Relación de poder: tenencia y posesión.— VI. Clasificación de la posesión.— VII. Definición de usucapión.— VIII. Definición de usucapión en el Cód. Civ. y Com.— IX. Acción declarativa de usucapión.— X. ¿Rigurosidad probatoria?— XI. Conclusión. t¿Te interesa el texto completo? Solicitalo al correo: koha@justierradelfuego.gov.ar 091497aCODIGO CIVIL Y COMERCIAL 091821aDERECHOS REALES 092324aPRESCRIPCIÓN ADQUISITIVA 093927aCARGA DE LA PRUEBA 092289aPOSESIÓN0 0271493171dCiudad Autónoma de Buenos Aires : Thomson Reuters La Ley, 2014-tRevista anales de legislación argentina. Nº 9 - Septiembre 2025. 2udccANA